Aportación documental a la historia social y económica de Extremadura en el siglo XVII : Archivo Histórico Provincial de Badajoz / Ramón Pérez Caminero Archivo Histórico Provincial de Badajoz / Ramón Pérez Caminero
ISBN:
84-7671-820-9
Descripción Física:
677 p. : il. ; 24 cm
MARC
| LEADER | 00000nam a2200000Ia 4500 | ||
|---|---|---|---|
| 001 | 17201 | ||
| 003 | BGR | ||
| 005 | 20260324175714.0 | ||
| 008 | 160829s2004 xx 000 0 cat d | ||
| 020 | |a 84-7671-820-9 | ||
| 080 | |a A-2-236 | ||
| 100 | |a Pérez Caminero, Ramón |9 25238 | ||
| 245 | |a Aportación documental a la historia social y económica de Extremadura en el siglo XVII : |b Archivo Histórico Provincial de Badajoz / Ramón Pérez Caminero | ||
| 260 | |a Badajoz : |b Junta de Andalucía, |c 2004 | ||
| 300 | |a 677 p. : |b il. ; |c 24 cm | ||
| 650 | |a Extremadura |x Condicions econòmiques |x Segle XVII - Fonts |9 38526 | ||
| 650 | |a Extremadura |x Història |x Segle XVII |x Fonts |9 38527 | ||
| 650 | |a Archivo Histórico Províncial de Badajoz |x Catàlegs |9 44065 | ||
| 710 | 1 | |a Archivo Histórico Provincial de Badajoz |9 70427 | |
| 901 | |a Arxiu | ||
| 942 | |n 1 |2 udc |c MON | ||
| 952 | |0 0 |1 0 |4 0 |6 A2236 |7 1 |9 48459 |a Arxiu |b Arxiu |d 2016-12-01 |l 0 |o A-2-236 |p 17201 |r 2016-12-01 00:00:00 |w 2016-12-01 |y ARXIU | ||
| 999 | |c 52288 |d 52288 | ||